000 00768nam a2200253 i 4500
001 C2-0232627
003 PPAK
005 20180728085824.0
008 010130s1993 enk |||| ||||| | eng d
020 _a058221758X
040 _aPPAK
_beng
_cPPAK
_erda
082 0 4 _a362.20941
_223
090 0 0 _a362.20941
_bDIR
_dR
245 0 0 _aDirectory of Mental Health Services 1994
264 1 _aHarlow, Essex :
_bLongman Information and Reference ,
_c1993
300 _axlix, 440 pages ;
_c24 cm
336 _2rdacontent
_atext
337 _2rdamedia
_aunmediated
338 _2rdacarrier
_avolume
500 _aIncludes index
650 1 0 _aMental health services - Directory ; Mentally ill - Services - Directory
700 1 _aLodge, Kate,
_eeditor
942 _ddc
_cB
999 _c151780
_d151780